| 000 | 00000cam 2200000zi 4500 |
| 001 | 9.557578 |
| 003 | CaOODSP |
| 005 | 20210624171948 |
| 007 | cr ||||||||||| |
| 008 | 150406s2002||||xxc|||||o f|0| 0 eng d |
| 020 | |a0-660-18424-9 |
| 022 | |a1205-9153 |
| 040 | |aCaOODSP|beng |
| 043 | |an-cn--- |
| 086 | 1 |aCS11-0019/164E-PDF |
| 100 | 1 |aFinnie, Ross, |eauthor. |
| 245 | 00|aEarly labour market outcomes of recent Canadian university graduates by discipline : |ba longitudinal, cross-cohort analysis / |cby Ross Finnie. |
| 260 | |aOttawa, Ontario : |bStatistics Canada, |cMarch 2002. |
| 300 | |a1 online resource (41 pages) : |bgraphs, references, tables. |
| 336 | |atext|btxt|2rdacontent |
| 337 | |acomputer|bc|2rdamedia |
| 338 | |aonline resource|bcr|2rdacarrier |
| 490 | 1 |aAnalytical Studies Branch research paper series ; |x1205-9153|vNo. 164 |
| 590 | |a12-34-Supp|b2012-07-31 |
| 710 | 2 |aStatistics Canada, |eissuing body. |
| 775 | 08|tPremiers résultats sur le marché du travail des diplômés récents des universités canadiennes : |w(CaOODSP)9.590799 |
| 830 | #0|aResearch paper series (Statistics Canada. Analytical Studies Branch)|x1205-9153|vNo. 164|w(CaOODSP)9.504421 |
| 856 | 40|ahttp://publications.gc.ca|qPDF|s221 KB|uhttps://publications.gc.ca/collections/collection_2012/statcan/11f0019m/11f0019m2002164-eng.pdf|yNo. 164 |